000 00557nam a2200205Ia 4500
003 GCL
008 140319s9999 xx 000 0 ara d
040 _aGCL /
_cGCL
082 0 4 _a891.439
_bش ق
100 1 _aشرين
245 1 0 _aقصص من باكستان /
_cشرين
700 1 _aممتاز
700 1 _aشوكت
300 _a93
490 _aكتاب
_v0
650 0 4 _aالقصص القصيرة
650 0 4 _aالادب الباكستانى المترجم
650 0 4 _aالقصص الباكستانية القصيرة
942 _2ddc
_cBK
999 _c41131
_d41131